Pokémon Donjon Mystère: Les Pokémon jouables - Statistiques

Statistiques générales
  • Ce quiz a été pris 199 fois
  • Le résultat moyen est 28 sur 42
Statistiques - réponses
Réponse % Correct
025 Pikachu
100%
001 Bulbizarre
97%
007 Carapuce
97%
004 Salamèche
96%
255 Poussifeu
95%
252 Arcko
94%
258 Gobou
94%
155 Héricendre
93%
158 Kaiminus
93%
152 Germignon
91%
390 Ouisticram
87%
393 Tiplouf
87%
387 Tortipouss
87%
501 Moustillon
82%
495 Vipélierre
81%
052 Miaouss
80%
133 Évoli
79%
446 Goinfrex
79%
498 Gruikui
79%
447 Riolu
79%
656 Grenousse
78%
653 Feunnec
76%
650 Marisson
75%
300 Skitty
73%
066 Machoc
69%
037 Goupix
68%
403 Lixy
63%
104 Osselait
58%
054 Psykokwak
56%
172 Pichu
46%
610 Coupenotte
44%
231 Phanpy
43%
058 Caninos
40%
175 Togepi
40%
239 Elekid
35%
417 Pachirisu
33%
179 Wattouat
33%
298 Azurill
27%
194 Axoloto
25%
427 Laporeille
24%
216 Teddiursa
21%
360 Okeoke
19%
Aucun quiz correspondant
Distribution des résultats
% des personnes avec chaque résultat
Percentile par nombre de réponses
Votre historique - résultats
Vous n’avez pas pris ce quiz